00357nam a2200109Ia 450000500170000000800410001710000360005824501180009426000100021230000110022265000140023320260326100044.0260326s9999||||xx |||||||||||||| ||und|| aSchnitter Castellanos, Patricia 0aJosé Luis Sert y Colombia :b de la Carta de Atenas a una Carta del Hábitat /cPatricia Schnitter Castellanos bTesis a308 p. aURBANISMO